000
002800000a22000970004500
100
1
_a
Lundbom, Jack R.
245
1
0
_a
The incluso and other framing decives in Deuteronomy 1-28
300
_a
Vol. 46, Num. 3 (Julio, 1996), Páginas 296-315
773
0
_t
Vetus Testamentum
942
_c
ANA
999
_c
58037
_d
58037